Una coalición mundial contra la violencia sexual /

Tallennettuna:
Bibliografiset tiedot
Päätekijä: Decker, Armand De
Aineistotyyppi: Teksti
Aiheet:
Tagit: Lisää tagi
Ei tageja, Lisää ensimmäinen tagi!

MARC

LEADER 00000 a a2200000 04500
001 9720
003
040
100 |a Decker, Armand De  
245 |a Una coalición mundial contra la violencia sexual /  |c Armand De Decker 
650 |a ABUSO SEXUAL  
650 |a VIOLENCIA  
773 |g número 27; páginas 7  
999 |c 25790  |d 25790